Kadra rep. Niemiec na EURO 2012 - Statystyki

Ogólne statystyki
  • Ten quiz został rozwiązany 179 razy
  • Średni wynik to 16 z 24
Statystyki odpowiedzi
pozycja klub piłkarz % Poprawnych
B Bayern Manuel Neuer
99%
N Lazio Rzym Miroslav Klose
97%
O Bayern Jerome Boateng
90%
O BVB Mats Hummels
90%
N Bayern Mario Gomez
88%
P Bayern Toni Kroos
85%
P Real Madryt Sami Khedira
83%
O Bayern Philipp Lahm
82%
P Real Madryt Mesut Ozil
81%
N FC Koln Lukas Podolski
80%
P Bayern Thomas Muller
74%
Selekcjoner - Joachim Loew
62%
O BVB Marcel Schmelzer
61%
B Borussia M Marc Andre ter Stegen
60%
O Arsenal Per Mertesacker
60%
P Bayern Bastian Schweinsteiger
59%
O Schalke 04 Benedikt Howedes
51%
P BVB Ilkay Gundogan
51%
P Bayer Leverkusen Lars Bender
49%
O Bayern Holger Badstuber
46%
P BVB Mario Goetze
34%
P Bayer Leverkusen Andre Schurrle
32%
B Werder Tim Wiese
29%
N Stuttgart Cacau
16%
Nie znaleziono quizów pasujących do podanych kryteriów
Rozkład punktacji
Procent ludzi z każdym wynikiem
Percentyl według liczby udzielonych odpowiedzi
Twoja historia wyników
Nie rozwiązałeś tego quizu